| 000 | 00358nam a2200169Ia 4500 | ||
|---|---|---|---|
| 100 | _aRaj Kamal | ||
| 650 | _aEmbedded systems | ||
| 250 | _a3 | ||
| 942 | _cBK | ||
| 366 | _f25 | ||
| 654 | _aembedded | ||
| 245 | _aEmbedded systems:Architecture | ||
| 260 |
_bMc Graw Hill _c2015 |
||
| 082 |
_a3.3 _bRAJ |
||
| 300 | _a591 | ||
| 546 |
_aENGLISH _cComputers |
||
| 999 |
_c30265 _d30265 |
||